Jurassic world alive dinosaurs - Statistics

General Stats
  • This quiz has been taken 61 times
    32 since last reset
  • The average score is 60 of 339
Answer Stats
Answer % Correct
Tyrannosaurus Rex
90%
Indominus Rex
76%
Indoraptor
71%
Spinosaurus
71%
Velociraptor
67%
Allosaurus
62%
Ankylosaurus
62%
Baryonyx
62%
Brachiosaurus
57%
Carnotaurus
57%
Giganotosaurus
57%
Stegosaurus
57%
Triceratops
57%
Blue
52%
Charlie
52%
Delta
52%
Dilophosaurus
52%
Echo
52%
Ghost
52%
Apatosaurus
48%
Compsognathus
48%
Diplodocus
48%
Gallimimus
48%
Irritator
48%
Panthera
48%
Red
48%
Dimetrodon
43%
Parasaurolophus
43%
Quetzalcoatlus
43%
Rexy
43%
Stygimoloch
43%
Tarbosaurus
43%
Indominus Rex Gen 2
38%
Lystrosaurus
38%
Pachycephalosaurus
38%
Pteranodon
38%
Scorpius Rex
38%
Sinoceratops
38%
Utahraptor
38%
Albertosaurus
33%
Ankylosaurus Gen 2
33%
Beta
33%
Concavenator
33%
Deinonychus
33%
Dimorphodon
33%
Diplocaulus
33%
Iguanodon
33%
Monolophosaurus
33%
Oviraptor
33%
Suchomimus
33%
Therizinosaurus
33%
Acrocanthosaurus
29%
Allosaurus Gen 2
29%
Amargasaurus
29%
Argentinosaurus
29%
Baryonyx Gen 2
29%
Bumpy
29%
Dracorex
29%
Gorgosaurus
29%
Indoraptor Gen 2
29%
Kentrosaurus
29%
Majungasaurus
29%
Megalosaurus
29%
Microraptor
29%
Nasutoceratops
29%
Ouranosaurus
29%
Smilodon
29%
Spinosaurus Gen 2
29%
Tiger
29%
Alanqa
24%
Antarctopelta
24%
Deinocheirus
24%
Diplovenator
24%
Elasmotherium
24%
Erlikosaurus
24%
Erlikosaurus Gen 2
24%
Euoplocephalus
24%
Hatzegopteryx
24%
Irritator Gen 2
24%
Moros Intrepidus
24%
Mortem Rex
24%
Nodosaurus
24%
Pyroraptor
24%
Rajasaurus
24%
Stegoceratops
24%
Struthiomimus
24%
Titanoboa
24%
Triceratops Gen 2
24%
Tyrannosaurus Rex Gen 2
24%
Allosinosaurus
19%
Anurognathus
19%
Arctodus
19%
Compsognathus Gen 2
19%
Dakotaraptor
19%
Dilophoboa
19%
Dilophosaurus Gen 2
19%
Dimetrodon Gen 2
19%
Dimodactylus
19%
Diplocaulus Gen 2
19%
Diplotator
19%
Dire Wolf
19%
Dodo
19%
Dracorex Gen 2
19%
Edaphosaurus
19%
Edmontosaurus
19%
Einiosaurus
19%
Fukuisaurus
19%
Giganyx
19%
Indotaurus
19%
Kaprosuchus
19%
Koolasuchus
19%
Maiasaura
19%
Megaloceros
19%
Miragaia
19%
Monolophosaurus Gen 2
19%
Ophiacodon
19%
Ornithomimus
19%
Parasaurolophus Lux
19%
Proceratosaurus
19%
Purussaurus
19%
Scorpius Rex Gen 2
19%
Scorpius Rex Gen 3
19%
Sinosauropteryx
19%
Sonorasaurus
19%
Spinoceratops
19%
Titanoboa Gen 2
19%
Troodon
19%
Woolly Mammoth
19%
Woolly Rhino
19%
Wuerhosaurus
19%
Albertospinos
14%
Alloraptor
14%
Andrewsarchus
14%
Ankylodactylus
14%
Ankylomoloch
14%
Ankyntrosaurus
14%
Aquilamimus
14%
Archaeopteryx
14%
Archaeotherium
14%
Arctops
14%
Argentavis
14%
Bajadasaurus
14%
Brontotherium
14%
Carnotarkus
14%
Darwinopterus
14%
Dodocevia
14%
Dracoceratops
14%
Dreadnoughtus
14%
Dsungaia
14%
Dsungaripterus
14%
Entelodon
14%
Eremotherium
14%
Erlidominus
14%
Geminititan
14%
Gigaspikasaur
14%
Giraffatitan
14%
Glyptodon
14%
Gorgonops
14%
Gorgosuchus
14%
Haast Eagle
14%
Haast Eagle Gen 2
14%
Hydra Boa
14%
Koolasuchus Gen 2
14%
Lythronax
14%
Megistotherium
14%
Monolometrodon
14%
Monolorhino
14%
Monostegotops
14%
Panthera Blytheae
14%
Postosuchus
14%
Pulmonoscorpius
14%
Pyroraptor Gen 2
14%
Spinonyx
14%
Spinotasuchus
14%
Suchotator
14%
Tanycolagreus
14%
Tenontosaurus
14%
Tsintaosaurus
14%
Tyrannometrodon
14%
Acrocanthops
10%
Alankylosaurus
10%
Albertocevia
10%
Allodrigues
10%
Amargocephalus
10%
Andrewtherium
10%
Andrewtodon
10%
Andrewtops
10%
Ankylocodon
10%
Ankylos Lux
10%
Antarctovenator
10%
Arctovasilas
10%
Ardentismaxima
10%
Ardontosaurus
10%
Argenteryx
10%
Atrocodistis
10%
Bajatonodon
10%
Brontolasmus
10%
Carbonemys
10%
Carbotoceratops
10%
Ceramagnus
10%
Coelurosauravus
10%
Compsocaulus
10%
Compsoraptor
10%
Dakotanops
10%
Darwezopteryx
10%
Deinotherium
10%
Diloracheirus
10%
Diorajasaur
10%
Doedicurus
10%
Dracoceratosaurus
10%
Dreadactylus
10%
Dsungascorpios
10%
Edaphocevia
10%
Edmontoguanodon
10%
Enteloceros
10%
Entelochops
10%
Entelolania
10%
Entelomoth
10%
Eremoceros
10%
Erlikogamma
10%
Erlikospyx
10%
Eucladoceros
10%
Fukuimimus
10%
Geminideus
10%
Gorgotrebax
10%
Grypolyth
10%
Gryposuchus
10%
Hadros Lux
10%
Imperatosuchus
10%
Indonemys
10%
Inostherium
10%
Inostrancevia
10%
Keratoporcus
10%
Lystrosavis
10%
Lystrosuchus
10%
Magnapyritor
10%
Majundaboa
10%
Majundasuchus
10%
Mammolania
10%
Marsupial Lion
10%
Megalogaia
10%
Megalonyx
10%
Megalosuchus
10%
Megalotops
10%
Megistocurus
10%
Meiolania
10%
Moschops
10%
Nodopatosaurus
10%
Nodopatotitan
10%
Nundasuchus
10%
Ovilophosaurus
10%
Oviraptor Gen 2
10%
Paramoloch
10%
Pteranokyrie
10%
Pyrritator
10%
Quetzalcoatlus Gen 2
10%
Sarcosuchus
10%
Skoonasaurus
10%
Stegoceras
10%
Stegodeus
10%
Stygimoloch Gen 2
10%
Tarbognathus
10%
Thoradolosaur
10%
Thylacotator
10%
Troodoboa
10%
Trykosaurus
10%
Tuojiangosaurus
10%
Tupandactylus
10%
Utarinex
10%
Utasinoraptor
10%
Aenocyonyx
5%
Ailurarctos
5%
Alacranix
5%
Alankyloceratops
5%
Amphicyon
5%
Ankylodicurus
5%
Arambourgiania
5%
Arctalces
5%
Ardontognathus
5%
Cervalces
5%
Coelhaast
5%
Diloranosaurus
5%
Einiasuchus
5%
Glyptoceras
5%
Grylenken
5%
Haast Maximus
5%
Indolycan
5%
Kelenken
5%
Koolabourgiana
5%
Mammotherium
5%
Monomimus
5%
Ovilophomoloch
5%
Parasauthops
5%
Phorurex
5%
Phorusaura
5%
Phorusrhacos
5%
Postimetrodon
5%
Preondactylus
5%
Procerathomimus
5%
Pteraquetzal
5%
Pterovexus
5%
Purrolyth
5%
Purussaurus Gen 2
5%
Purutaurus
5%
Pyrorixis
5%
Pyrosuchus
5%
Rajakylosaurus
5%
Refrenantem
5%
Rinchenia
5%
Sarcorixis
5%
Scaphognathus
5%
Scolosaurus
5%
Scutosaurus
5%
Secodontosaurus
5%
Segnoraptor
5%
Sinokotaraptor
5%
Skoolasaurus
5%
Smilocephalosaurus
5%
Smilonemys
5%
Spinoconstrictor
5%
Spinotahraptor
5%
Stygidaryx
5%
Tenontorex
5%
Testacornibus
5%
Thylos Intrepidus
5%
Tryostronix
5%
Tsintamoth
5%
Tuoramoloch
5%
Velosrhacos
5%
Poukaidei
0%
Poukandactylus
0%
Quetzorion
0%
Rinchicyon
0%
Rodrigues Solitaire
0%
Scaphotator
0%
Scutophicyon
0%
Thylaconyx
0%
Tragodistis
0%
Tyrannolophosaur
0%
No matching quizzes found
Score Distribution
Percent of People with Each Score
Percentile by Number Answered
Your Score History
You have not taken this quiz since the last reset